Escuelas y calidad de la enseñanza: informe internacional
Wedi'i Gadw mewn:
| Fformat: | Llyfr |
|---|---|
| Iaith: | Sbaeneg |
| Cyhoeddwyd: |
Barcelona
Paidos
1991
|
| Cyfres: | Temas de Educación Paidos, 26
|
| Pynciau: | |
| Tagiau: |
Ychwanegu Tag
Dim Tagiau, Byddwch y cyntaf i dagio'r cofnod hwn!
|
MARC
| LEADER | 00000nam a2200000 a 4500 | ||
|---|---|---|---|
| 001 | UCW7628 | ||
| 003 | CL-VaPUC | ||
| 008 | 930528e19910000SP |||||||||||||||||spa|d | ||
| 082 | 0 | 4 | |a 370.11 |b ESC |2 21 |
| 245 | 1 | 0 | |a Escuelas y calidad de la enseñanza: informe internacional |
| 300 | |a 185 p | ||
| 942 | |c BK | ||
| 945 | |d 19930528 00:00:00 | ||
| 260 | |a Barcelona |b Paidos |c 1991 | ||
| 650 | 0 | |a Calidad de la educación |9 307271 | |
| 583 | |a last modification |c 19930528 00:00:00 |k Rodrigo Vera | ||
| 490 | 0 | |a Temas de Educación Paidos, 26 | |
| 999 | |c 220332 |d 220330 | ||
| 952 | |0 0 |1 0 |4 0 |6 370_110000000000000_ESC_1991 |7 0 |8 A |9 212377 |a FDOPOS |b FDOPOS |d 2019-11-15 |i 2806118 |o 370.11 ESC 1991 |p 2806118 |r 2023-08-09 |w 2019-11-15 |y BK |k MLA | ||
| 952 | |0 0 |1 0 |4 0 |6 370_110000000000000_ESC_1991 |7 0 |8 A |9 212378 |a BIBEDU |b BIBEDU |d 2019-11-15 |i 2806126 |o 370.11 ESC 1991 |p 2806126 |r 2019-11-15 |w 2019-11-15 |y BK |k EDU | ||
| 952 | |0 0 |1 0 |4 0 |6 370_110000000000000_ESC_1991 |7 0 |8 A |9 212379 |a BIBEDU |b BIBEDU |d 2019-11-15 |i 3227006 |o 370.11 ESC 1991 |p 3227006 |r 2019-11-15 |w 2019-11-15 |y BK |k EDU | ||